| 000 | 00392nam a2200145Ia 4500 | ||
|---|---|---|---|
| 008 | 230312s9999||||xx |||||||||||||| ||und|| | ||
| 020 | _a978-9673498406 | ||
| 082 |
_a519.024 _bWAL-P |
||
| 100 | _aWalpole;Ronald.E | ||
| 245 | 0 | _aProbability and Statistics for Engineers and Scientists | |
| 260 |
_bPearsons _aIndia _c2020 |
||
| 300 | _a856 | ||
| 650 |
_aEngineering _vMath/Stats |
||
| 942 | _cBK | ||
| 999 |
_c13955 _d13955 |
||